|
|
|
|
| LEADER |
01736nam a2200409 i 4500 |
| 001 |
EBC4924507 |
| 003 |
MiAaPQ |
| 005 |
20200520144314.0 |
| 006 |
m o d | |
| 007 |
cr cnu|||||||| |
| 008 |
170819t20162016ne ao o 001 0 eng d |
| 020 |
|
|
|z 9789089646613
|
| 020 |
|
|
|a 9789048524808 (e-book)
|
| 035 |
|
|
|a (MiAaPQ)EBC4924507
|
| 035 |
|
|
|a (Au-PeEL)EBL4924507
|
| 035 |
|
|
|a (CaPaEBR)ebr11417208
|
| 035 |
|
|
|a (OCoLC)994883244
|
| 040 |
|
|
|a MiAaPQ
|b eng
|e rda
|e pn
|c MiAaPQ
|d MiAaPQ
|
| 050 |
|
4 |
|a AM125
|b .M874 2016
|
| 082 |
0 |
|
|a 069.0285
|2 23
|
| 245 |
0 |
0 |
|a Museums in a digital culture :
|b how art and heritage become meaningful /
|c edited by Chiel van den Akker and Susan Legene.
|
| 264 |
|
1 |
|a Amsterdam, [Netherlands] :
|b Amsterdam University Press,
|c [2016]
|
| 264 |
|
4 |
|c [2016]
|
| 300 |
|
|
|a 1 online resource (142 pages) :
|b illustrations, photographs
|
| 336 |
|
|
|a text
|2 rdacontent
|
| 337 |
|
|
|a computer
|2 rdamedia
|
| 338 |
|
|
|a online resource
|2 rdacarrier
|
| 500 |
|
|
|a Includes index.
|
| 588 |
|
|
|a Description based on print version record.
|
| 590 |
|
|
|a Electronic reproduction. Ann Arbor, MI : ProQuest, 2016. Available via World Wide Web. Access may be limited to ProQuest affiliated libraries.
|
| 650 |
|
0 |
|a Museums
|x Information technology.
|
| 655 |
|
4 |
|a Electronic books.
|
| 700 |
1 |
|
|a Akker, Chiel van den,
|d 1974-
|e editor.
|
| 700 |
1 |
|
|a Legene, Susan,
|e editor.
|
| 776 |
0 |
8 |
|i Print version:
|t Museums in a digital culture : how art and heritage become meaningful.
|d Amsterdam, [Netherlands] : Amsterdam University Press, c[2016]
|h 141 pages
|z 9789089646613
|w 2016519072
|
| 797 |
2 |
|
|a ProQuest (Firm)
|
| 856 |
4 |
0 |
|u https://ebookcentral.proquest.com/lib/matrademy/detail.action?docID=4924507
|z Click to View
|